000 01587naa a22003257a 4500
001 BR9405979
003 BR-BrBNA
005 20250721155522.0
007 ta
008 250630b bl.|||m| |||| 00| 0 por d
040 _aBR-BrBNA
_bpor
_cBiblioteca Nacional de Agricultura
041 _a(Pt)
072 _aP33; P34
090 _aP33 BR9405979
100 1 _aFranco, F.S.
100 1 _aGjorup, G.B.
100 1 _aCarvalho, A.F. de
111 1 _a1. Congresso Brasileiro sobre Sistemas Agroflorestais; 1. Encontro sobre Sistemas Agroflorestais nos Paises do MERCOSUL
_cPorto Velho, RO (Brazil)
_d3-7 Jul 1994
245 1 _aAvaliacao de caracteristicas fisicas, quimicas e microbiologicas de um solo sob sistema agroflorestal comparado com a mata secundaria e pastagem na regiao de Vicosa, MG
500 _a1. Congresso Brasileiro sobre Sistemas Agroflorestais e 1. Encontro sobre Sistemas Agroflorestais nos Paises do MERCOSUL. Anais. V. 2: trabalhos voluntarios Colombo, PR (Brasil): 1994. p. 259-269 [Summaries (En, Pt); 13 ref.] (BR9405979-AMS)
773 0 _t1. Congresso Brasileiro sobre Sistemas Agroflorestais e 1. Encontro sobre Sistemas Agroflorestais nos Paises do MERCOSUL. Anais. V. 2: trabalhos voluntarios
_wP33 BR9405979
_gColombo, PR (Brasil), 1994. p. 259-269
650 _aSolo
650 _aAnalise Fisica
650 _aAnalise Quimica
650 _aMicrobiologia do Solo
650 _aMinas Gerais
490 _aDocumentos - Centro Nacional de Pesquisa de Florestas (Brazil)
_vno. 27
942 _cAMS
_2AGRIS
909 _a202506
_bLúcia
_c55
_dLúcia Elande
999 _c336968
_d336968